000 00613nam a22001697a 4500
999 _c18307
_d18307
003 AR-CdUCM
008 190513b ||||| |||| 00| 0 spa d
040 _aMUNICIPALIDAD PROVINCIAL DEL CUSCO
_cBIBLIOTECA MUNICIPAL DEL CUSCO
082 _a372.5 /
_bA39
100 _aAliaga Lindo, Pedro
_938821
245 _aPedagogía psiquiátrica /
260 _aLima :
_bImpr. Edit. Lumen,
_c1969.
300 _a258 páginas ;
_bCuadros,
_c22 cm.
505 _aContenido: Llamado -- Prólogo -- Repercusión pedagógica de los animales en mundo interior de los niños...
942 _2ddc
_cLIBROS
945 _adavv
_d2019-05-13